| 000 | 01753cam a22002414a 4500 | ||
|---|---|---|---|
| 005 | 20250605164126.0 | ||
| 008 | 250528s ||||||||||||||||||||||||d | ||
| 035 | _a18474 | ||
| 020 | _a9603700487 | ||
| 040 |
_aGR-AtMCL _bgre _dGR-AtMCL _eAACR2 |
||
| 245 | 1 | _aΕλληνική Γλώσσα / Εγχειρίδιο Διδασκαλίας της Ελληνικής ως Δευτέρης (Ξένης) Γλώσσας | |
| 250 | _a2η | ||
| 260 |
_bΊδρυμα Μελετών Λαμπράκη, _c1995 |
||
| 300 | _a456 | ||
| 520 | _aΠροφορά και Γραφή, Στην Τάξη, Στη Λαϊκή Αγορά, Ψώνια στο Σούπερ-μάρκετ, Οργανισμοί Κοινής Ωφελείας, Επίσκεψη στον Γιατρό, Ψάχνοντας για Σπίτι, Τα Μέσα Συγκοινωνίας, Μεσοπαθητική Φωνή, Οικογένεια - Επαγγέλματα, Ψάχνοντας για Δουλειά, Μια Οικογένεια, Γνωρίζω την Ελλάδα, Για Ψώνια, Η Διασκέδαση στην Ελλάδα, Η Αθήνα, Θεσμοί - Διοίκηση - Τοπική Αυτοδιοίκηση, Μεσοπαθητική Φωνή, Η Εκπαίδευση, Γιορτές και Έθιμα, Μέσα Μαζικής Ενημέρωσης, Περιήγηση, Παράρτημα, Συνοπτική Γραμματική, Παρατηρήσεις στην Προφορά και τη Γραμματική και τη Σύνταξη. | ||
| 700 | 1 |
_aΑναγνωστοπούλου Α _94729 |
|
| 700 | 1 |
_aΑργυρούδη Ε _94730 |
|
| 700 | 1 |
_aΚολυβά Ν _94731 |
|
| 700 | 1 |
_aΜπαμπινιώτης Γ _94732 |
|
| 942 | _cBK | ||
| 999 |
_c3835 _d3835 |
||